[Event "4NCL Division 2a"]
[Site "Hinckley Island ENG"]
[Date "2014.02.16"]
[Round "6.43"]
[White "Goodger, Martyn"]
[Black "Beckett, Chris J"]
[Result "1/2-1/2"]
[WhiteElo "2105"]
[BlackElo "2123"]
[PlyCount "82"]
[EventDate "2014.02.16"]
[WhiteTeam "Poisoned Pawns"]
[BlackTeam "Cambridge University 2"]

1. e4 d6 2. d4 Nf6 3. Nc3 e5 4. Nf3 Nbd7 5. Bc4 Be7 6. O-O Nb6 7. Be2 exd4 8.
Nxd4 O-O 9. f4 Re8 10. Bf3 Bf8 11. Qd3 c6 12. Kh1 Qc7 13. Be3 Bg4 14. Bg1 Bxf3
15. Rxf3 Nbd7 16. Nb3 b5 17. Re1 Rad8 18. Rff1 a5 19. Qf3 b4 20. Nd1 d5 21. e5
Ne4 22. Re2 f6 23. exf6 Ndxf6 24. g4 Bd6 25. Nd4 Nc5 26. Rg2 Re4 27. Be3 Rf8
28. Nf5 Nfd7 29. Nxd6 Qxd6 30. Nf2 Ree8 31. f5 Ne4 32. Nd3 Ne5 33. Nxe5 Qxe5
34. Bc1 Rf7 35. a3 Ref8 36. axb4 axb4 37. Qb3 Qd6 38. Bf4 Qc5 39. Be3 Qd6 40.
Bf4 Qc5 41. Qe3 Qxe3 1/2-1/2

[Event "4NCL Division 2a"]
[Site "Hinckley Island ENG"]
[Date "2014.02.16"]
[Round "6.44"]
[White "Pickard, Charles"]
[Black "Redman, David J"]
[Result "1/2-1/2"]
[WhiteElo "2111"]
[BlackElo "1803"]
[PlyCount "45"]
[EventDate "2014.02.16"]
[WhiteTeam "Cambridge University 2"]
[BlackTeam "Poisoned Pawns"]

1. Nf3 d5 2. c4 d4 3. e4 c5 4. d3 Nc6 5. g3 e5 6. Bg2 Bd6 7. O-O Nge7 8. Na3 a6
9. Ne1 O-O 10. f4 f5 11. exf5 exf4 12. Bxf4 Bxf5 13. Nac2 Bxf4 14. gxf4 Qc7 15.
Qd2 Rae8 16. Rf2 Rf6 17. b4 cxb4 18. Nf3 Bg6 19. Ng5 Ref8 20. Raf1 Qa5 21. Ne4
Bxe4 22. dxe4 Qc5 23. e5 1/2-1/2

[Event "4NCL Division 2a"]
[Site "Hinckley Island ENG"]
[Date "2014.02.16"]
[Round "6.45"]
[White "Rosen, Daniel B"]
[Black "Gordon-Brown, Alexander J"]
[Result "1/2-1/2"]
[WhiteElo "2078"]
[BlackElo "2013"]
[PlyCount "63"]
[EventDate "2014.02.16"]
[WhiteTeam "Poisoned Pawns"]
[BlackTeam "Cambridge University 2"]

1. e4 e6 2. d4 d5 3. Nc3 Nf6 4. Bg5 dxe4 5. Nxe4 Be7 6. Nxf6+ Bxf6 7. Bxf6 Qxf6
8. Nf3 Nd7 9. c3 O-O 10. Be2 e5 11. dxe5 Nxe5 12. Nxe5 Qxe5 13. O-O Be6 14. Bf3
Qb5 15. Qc2 c5 16. b3 Rad8 17. Rfd1 c4 18. Rxd8 Rxd8 19. Rd1 Re8 20. b4 Bf5 21.
Qc1 Qe5 22. Qe3 Bd3 23. Re1 Qxe3 24. Rxe3 Rxe3 25. fxe3 b6 26. Kf2 f5 27. Bd5+
Kf8 28. Kf3 Ke7 29. e4 Kf6 30. exf5 Kxf5 31. Ke3 Ke5 32. Bg8 1/2-1/2

[Event "4NCL Division 2a"]
[Site "Hinckley Island ENG"]
[Date "2014.02.16"]
[Round "6.46"]
[White "Bamber, Elaine"]
[Black "McCorry, Robert T"]
[Result "1-0"]
[WhiteElo "2060"]
[BlackElo "2052"]
[PlyCount "61"]
[EventDate "2014.02.16"]
[WhiteTeam "Cambridge University 2"]
[BlackTeam "Poisoned Pawns"]

1. e4 e6 2. d4 d5 3. Nd2 c5 4. exd5 Qxd5 5. Ngf3 cxd4 6. Bc4 Qd6 7. O-O Nf6 8.
Nb3 Nc6 9. Nbxd4 Nxd4 10. Nxd4 a6 11. Be2 e5 12. Nf3 Qxd1 13. Rxd1 e4 14. Ne5
Be7 15. Nc4 Bf5 16. Nd6+ Bxd6 17. Rxd6 Rd8 18. Rxd8+ Kxd8 19. Be3 Kc8 20. Bc4
Bg6 21. Bb6 Re8 22. Rd1 Nd7 23. Bd4 Ne5 24. Bd5 f6 25. h3 Nc6 26. Bb6 Bh5 27.
Rd2 Bg6 28. Kf1 Ne5 29. b3 Nd7 30. Be3 h6 31. Bxb7+ 1-0

[Event "4NCL Division 2a"]
[Site "Hinckley Island ENG"]
[Date "2014.02.16"]
[Round "6.48"]
[White "Chan, Nevil"]
[Black "Sucikova, Svetlana"]
[Result "0-1"]
[WhiteElo "2021"]
[BlackElo "1952"]
[PlyCount "170"]
[EventDate "2014.02.16"]
[WhiteTeam "Cambridge University 2"]
[BlackTeam "Poisoned Pawns"]

1. d4 d5 2. Nc3 Bf5 3. Nf3 e6 4. Bf4 Nf6 5. e3 Be7 6. Bd3 Bxd3 7. cxd3 O-O 8.
Qb3 Qc8 9. Nb5 Na6 10. Rc1 Bb4+ 11. Ke2 c6 12. a3 Be7 13. Nd6 Bxd6 14. Bxd6 Re8
15. Rc2 Qd7 16. Be5 Rec8 17. Rhc1 Ne8 18. Bg3 f6 19. h3 Nb8 20. Nd2 b6 21. Qa4
Nc7 22. b4 a6 23. Qb3 Nb5 24. Nb1 Nd6 25. Nc3 Ra7 26. Nb1 Rb7 27. Qa2 Nf7 28.
Kf1 Nd8 29. a4 Qe7 30. Qa3 Nd7 31. b5 Qxa3 32. Nxa3 axb5 33. axb5 c5 34. Bd6
Ra7 35. Nb1 Nb7 36. dxc5 bxc5 37. b6 Ra6 38. Bc7 Nxb6 39. Bxb6 Rxb6 40. Nd2 Ra8
41. Ke2 Kf7 42. Rb1 Rxb1 43. Nxb1 Ke7 44. Rb2 Nd6 45. Nd2 Kd7 46. Kd1 Kc6 47.
Kc2 Nb5 48. Nb1 Ra1 49. h4 Ra4 50. g3 Ra1 51. Kb3 Ra8 52. Kc2 Na3+ 53. Nxa3
Rxa3 54. Kd2 Ra8 55. Kc3 e5 56. Kd2 Ra7 57. Kc2 d4 58. Kd2 f5 59. exd4 exd4 60.
Ke2 Kd5 61. Kd2 f4 62. Ke2 fxg3 63. fxg3 Re7+ 64. Kf2 Kc6 65. Ra2 Kd5 66. Rb2
Rf7+ 67. Ke2 h5 68. Ra2 Rf6 69. Ra7 g6 70. Rg7 Rc6 71. Kd2 c4 72. dxc4+ Kxc4
73. Rd7 Ra6 74. Rc7+ Kd5 75. Rd7+ Ke4 76. Re7+ Kf3 77. Rd7 Kxg3 78. Rxd4 Re6
79. Ra4 Kf2 80. Rf4+ Kg3 81. Ra4 Kf3 82. Kd3 Rd6+ 83. Kc3 Kg3 84. Rb4 Rf6 85.
Kd3 Rf4 0-1